Bilecik Bilecik Bilecik Bilecik Bilecik

Yeşil eczane/ (Record no. 72121)

MARC details
000 -BAŞLIK
Sabit Uzunluktaki Kontrol Alanı 01062nam a22003137a 4500
001 - KONTROL NUMARASI
Control Dosyası 0071376
003 - KONTROL NUMARASI KİMLİĞİ
Kontrol Alanı KOHA_MİRAKIL
005 - EN SON İŞLEM TARİHİ ve ZAMANI
Kontrol Alanı 20260207005006.0
007 - FİZİKSEL TANIM SABİT ALAN - GENEL BİLGİ
Sabit uzunluklu kontrol alanı ta
008 - SABİT UZUNLUKTAKİ VERİ ÖGELERİ - GENEL BİLGİ
Sabit Alan 240806b2008 tu |||gr||||#0|||0|tur |
020 ## - ISBN - ULUSLARARASI STANDART KİTAP NUMARASI
Isbn 9944326046
040 ## - KATALOGLAMA KAYNAĞI
Özgün Kataloglama Kurumu TR-BiSEU
Kataloglama Dili tur
Çeviri Kurumu TR-BiSEU
Açıklama Kuralları rda
041 0# - DİL KODU
Metin ya da ses kaydının dil kodu tur
044 ## - YAYINLAYAN/ÜRETEN KURULUŞUN ÜLKE KODU
ISO country code tu
050 ## - SINIFLAMA ve YER NUMARASI
Sınıflama Numarası RM666
Yer Numarası .D85 2008
100 1# - KİŞİ ADI
Yazar Adı (Kişi adı) Duke, James A..
245 1# - ESER ADI BİLDİRİMİ
Başlık Yeşil eczane/
Sorumluluk Bildirimi James A. Duke ; James A. Duke; çeviren İsmail Tulçalı.
264 #1 - ÜRERİM, YAYIN, DAĞITIM ve TELİF BİLDİRİMİ
Yayın yeri İstanbul :
Yayınlayan Pegasus Yayınları
Yayın tarihi 2008
300 ## - FİZİKSEL TANIMLAMA
Sayfa, Cilt vb. 749 sayfa; 24 cm.
336 ## - İÇERİK TÜRÜ
Content type term metin
Content type code txt
Source rdacontent
337 ## - MEDYA TÜRÜ
Media type term aracısız
Media type code n
Source rdamedia
338 ## - TAŞIYICI TÜRÜ
Carrier type term cilt
Carrier type code nc
Source rdacarrier
500 ## - GENEL NOT
Genel Not Özgün eser adı : The green pharmacy.
500 ## - GENEL NOT
Genel Not Dış kapak adı : Bitkilerle tedavi konusunda dünyanın önde gelen uzmanlarından, yaygın hastalık ve rahatsızlıklar için şifalı bitki reçeteleri.
650 #0 - KONU BAŞLIĞI EK GİRİŞ - KONU TERİMİ
Konusal terim veya coğrafi ad Otlar--Tedavi amaçlı kullanım.
9 (RLIN) 140490
650 #0 - KONU BAŞLIĞI EK GİRİŞ - KONU TERİMİ
Konusal terim veya coğrafi ad Herbs--Therapeutic use.
9 (RLIN) 5386
907 ## - LOCAL DATA ELEMENT G, LDG (RLIN)
a Sağlık
942 ## - EK GİRİŞ ÖGELERİ (KOHA)
Source of classification or shelving scheme Library of Congress Classification
Koha item type Book
Holdings
Materyal Türü Kalıcı Konum Mevcut Konum Raf Yeri Sınıflandırma Kaynağı Edinim Bilgisi Ana Konular Alt Konular Yer Numarası Demirbaş Numarası Fatura Tarihi Geri Çekilme Durumu Kayıp Durumu Hasarlı Durumu Kredi için değil Kayıt Tarih Toplam Ödünçverme Son Görülme Tarihi Son Kontrol Tarihi Genel / Bağış Notu
Book Prof. Dr. Azmi Özcan Kütüphanesi Prof. Dr. Azmi Özcan Kütüphanesi Birûni Salonu Library of Congress Classification Bağış TIP Tedavi ediciler, Farmakoloji RM666 .D85 2008 0071376 02/02/2026         06/08/2024   17/03/2025 17/03/2025 Edibe BEKİN